| 000 | 00478cam a22002051 4500 | ||
|---|---|---|---|
| 001 | sa 67001274 | ||
| 003 | DLC | ||
| 005 | 20260227112321.0 | ||
| 008 | 890621s1966 ii 000 0 beno | ||
| 010 | _asa 67001274 | ||
| 035 | _a(OCoLC)19906542 | ||
| 040 |
_aDLC _cWaU _dDLC |
||
| 042 | _apremarc | ||
| 050 | 0 | 0 |
_aPK1718.B6 _bP7 |
| 100 | 1 | _aBose, Buddhadeva. | |
| 245 | 1 | 0 | _aPrabandha-saṃkalana. |
| 260 | _c[1966] | ||
| 300 |
_a393 p. _c23 cm. |
||
| 500 | _aIn Bengali. | ||
| 999 |
_c72503 _d72503 |
||